000 00733nam a2200181 a 4500
001 000042507
005 20201002040211.0
008 131205s1986 sp ac 000 0 spa d
040 _aDO-SdBNP
_bspa
_cBNPHU
082 _axxx
_bxxx
245 0 0 _aArte bulgaro actual :
_bexposición patrocinada por Comité de Cultura de la R. P. de Bulgaria, Fundación Internacional Liudmila Yivkova.
260 _aMadrid :
_bCentro Cultural del Conde Duque,
_c1986.
300 _a228 p. :
_bil., retrs. ;
_c21 cm.
500 _aCelebrado en el Centro Cultural del Conde Duque, Madrid
710 1 2 _aBulgaria Komitet za kultura
_969705
710 1 2 _aFundación Internacional Lyudmila Yivkova
_969706
710 1 2 _aCentro Cultural del Conde Duque.
_969707
999 _c41996
_d41996